00485cam a2200181 a 450000100070000000500170000700800410002401000170006502000150008204000180009704100080011508000150012308200150013810000070015310100080016024500960016850400390026488156420180212031645.0800215s1980 nyu b 001 0 eng  a 80011705  a0442206615 aDLCcDLCdDLC aeng a305.26 BEN00a305.26 BEN a50 aSOC00aAging, isolation, and resocialization /cedited by Ruth Bennett ; foreword by Joseph Zubin. aIncludes bibliographies and index.